| 000 | 00895nam a2200253Ia 4500 | ||
|---|---|---|---|
| 003 | OSt | ||
| 005 | 20220923211047.0 | ||
| 006 | a|||||r|||| 00| 0 | ||
| 007 | ta | ||
| 008 | Pun | ||
| 020 |
_a8176470376 (hbk) _c150 |
||
| 024 | _a243,547 | ||
| 037 |
_b200, 08/10/2010, H.K. Prakashan _cTextual |
||
| 040 |
_aARTS _cARTS _bPun |
||
| 041 |
_2Pun _aPun |
||
| 082 | _aO153,3NKU1:g, N9 | ||
| 100 |
_aਧਾਲੀਵਾਲ, ਬਲਦੇਵ ਸਿੰਘ, ਥਦ. _9157747 |
||
| 245 | 0 | _aਕਰਮਜੀਤ ਸਿੰਘ ਕੁੱਸਾ ਦੇ ਨਾਵਲ | |
| 260 |
_aਲੁਧਿਆਣਾ _b ਲਾਹੌਰ ਬੁੱਕ Fਾਪ _c1999 |
||
| 300 |
_a189ਪੰ _ccm. |
||
| 650 | _aਪੰਜਾਬੀ ਸਾਹਿਤ | ||
| 942 |
_hO153,3NKU1:g, N9 _cTEXL _2CC |
||
| 999 |
_c294663 _d294663 |
||